[Event "Damhusmesterskabet Gruppe A 2010"]
[Site "Rodovre"]
[Date "2010.09.07"]
[Round "1"]
[White "Hardarson, Gisli"]
[Black "Helleshoj, Knud Erik"]
[Result "1-0"]
[WhiteElo "1646"]
[BlackElo "1612"]
[PlyCount "61"]
[EventDate "2010.??.??"]

1. Nf3 c5 2. c4 d6 3. g3 g6 4. Bg2 Nc6 5. O-O Bg7 6. Nc3 e6 7. e3 Nge7 8. h3
O-O 9. d3 Rb8 10. Rb1 a6 11. Ne2 b5 12. b3 Qc7 13. Bb2 Bxb2 14. Rxb2 bxc4 15.
dxc4 a5 16. Nc3 Ba6 17. Rd2 Rfd8 18. Ne4 Nb4 19. Nxd6 Nxa2 20. Qa1 Rxd6 21.
Rxd6 Qxd6 22. Rd1 Qb6 23. Rd7 Qxb3 24. Qf6 Re8 25. Kh2 Qb1 26. g4 e5 27. Nxe5
Bxc4 28. Nxc4 Qb3 29. Bd5 Rf8 30. Bxf7+ Rxf7 31. Rd8+ 1-0

[Event "Damhusmesterskabet Gruppe A 2010"]
[Site "Rodovre"]
[Date "2010.09.07"]
[Round "1"]
[White "Kohler, Peter"]
[Black "Sorensen, Leif"]
[Result "1-0"]
[WhiteElo "1733"]
[BlackElo "1600"]
[PlyCount "49"]
[EventDate "2010.??.??"]

1. e4 c5 2. d4 cxd4 3. c3 dxc3 4. Nxc3 Nc6 5. Nf3 d6 6. Bc4 e6 7. O-O Be7 8.
Qe2 Bf6 9. Rd1 e5 10. Nb5 Nd4 11. Nbxd4 exd4 12. e5 Be7 13. Rxd4 d5 14. Rxd5
Qb6 15. Be3 Qc7 16. Rc1 Bd7 17. Rxd7 Qb8 18. Bb5 Kf8 19. Rdc7 Qd8 20. Qc2 Qd5
21. Rc8+ Rxc8 22. Qxc8+ Bd8 23. Bc4 Qa5 24. Rd1 g6 25. Qxd8+ 1-0

[Event "Damhusmesterskabet Gruppe A 2010"]
[Site "Rodovre"]
[Date "2010.09.07"]
[Round "1"]
[White "Petersen, Steffen"]
[Black "Akdag, Dara Sevkan"]
[Result "0-1"]
[WhiteElo "1625"]
[BlackElo "2149"]
[PlyCount "160"]
[EventDate "2010.??.??"]

1. e4 c5 2. Nf3 d6 3. d4 cxd4 4. Nxd4 Nf6 5. Nc3 a6 6. Be3 e6 7. g4 e5 8. Nf5
g6 9. g5 gxf5 10. exf5 d5 11. Qf3 d4 12. O-O-O Qc7 13. gxf6 dxe3 14. fxe3 Nd7
15. Nd5 Qc6 16. Bg2 Nxf6 17. Qg3 Nd7 18. Rd3 Rb8 19. Rhd1 h5 20. Rc3 h4 21. Qg5
Bc5 22. b4 Qh6 23. Qxh6 Rxh6 24. bxc5 Rc6 25. Rc4 Rh6 26. Rg4 Kf8 27. Be4 Nxc5
28. Rdg1 Rh8 29. Nf6 Ke7 30. Nd5+ Kd6 31. Rd1 Nxe4 32. Nf6+ Ke7 33. Nd5+ Kd6
34. Nf6+ Kc6 35. Rxe4 Bxf5 36. Rxe5 Be6 37. Kb2 h3 38. Ne4 Rbg8 39. Rc5+ Kb6
40. Rd6+ Ka7 41. Rg5 Rd8 42. Rg3 Rxd6 43. Nxd6 Rd8 44. Ne4 Bf5 45. Nf2 Rh8 46.
e4 Be6 47. Nd3 Rh4 48. Nf2 Kb6 49. a3 Kc5 50. Kc3 Kd6 51. Kd4 Rh5 52. c4 b5 53.
e5+ Kc6 54. cxb5+ Kxb5 55. Re3 Rh4+ 56. Kc3 Ka4 57. Kb2 Rh8 58. Re4+ Kb5 59.
Re3 Kc4 60. Re4+ Kd5 61. Re3 Rh5 62. Nd3 Kd4 63. Rg3 Rh4 64. Nb4 Rf4 65. Nd3
Rf1 66. Kc2 Rh1 67. Nf4 Rxh2+ 68. Kc1 Kxe5 69. Nd3+ Kd4 70. Nf4 Rh1+ 71. Kb2
Ke4 72. Nxe6 fxe6 73. Rg6 Kd5 74. Rh6 a5 75. Kb3 h2 76. Ka4 e5 77. Kxa5 e4 78.
a4 e3 79. Rh8 e2 80. Rd8+ Kc6 0-1

[Event "Damhusmesterskabet Gruppe A 2010"]
[Site "Rodovre"]
[Date "2010.10.19"]
[Round "1"]
[White "Ingvardsen, Jan"]
[Black "Hojgaard, Knud"]
[Result "0-1"]
[WhiteElo "1593"]
[BlackElo "1790"]
[PlyCount "68"]
[EventDate "2010.??.??"]

1. Nf3 e6 2. g3 f5 3. Bg2 Nf6 4. O-O Be7 5. c4 O-O 6. Nc3 d6 7. d4 Qe8 8. Bg5
Ne4 9. Bxe7 Nxc3 10. bxc3 Qxe7 11. e3 Nd7 12. Rb1 c6 13. d5 cxd5 14. cxd5 e5
15. Qc2 b6 16. Nh4 Nc5 17. Rb4 e4 18. Bh1 Ba6 19. c4 Rac8 20. Qe2 Nd3 21. Ra4
Bxc4 22. Qh5 Qf7 23. Qxf7+ Rxf7 24. Rb1 Ne5 25. Rc1 b5 26. Ra6 Rd8 27. Rd1 g5
28. Nxf5 Rxf5 29. Bxe4 Rf7 30. Kg2 g4 31. Rh1 Nd3 32. f3 Nc5 33. Rd1 gxf3+ 34.
Bxf3 Nxa6 0-1

[Event "Damhusmesterskabet Gruppe A 2010"]
[Site "Rodovre"]
[Date "2010.09.14"]
[Round "2"]
[White "Helleshoj, Knud Erik"]
[Black "Petersen, Steffen"]
[Result "1/2-1/2"]
[WhiteElo "1612"]
[BlackElo "1625"]
[PlyCount "119"]
[EventDate "2010.??.??"]

1. e4 e5 2. Nf3 Nc6 3. d4 exd4 4. c3 dxc3 5. Nxc3 d6 6. Bc4 Be6 7. Bxe6 fxe6 8.
Qb3 Qd7 9. Qxb7 Rb8 10. Qa6 Be7 11. O-O Nf6 12. Re1 O-O 13. Qe2 Ng4 14. h3 Nge5
15. Nxe5 Nxe5 16. f4 Nc6 17. Be3 Bh4 18. Rf1 Bf6 19. Rad1 Bxc3 20. bxc3 Qe8 21.
Bd4 Nxd4 22. cxd4 Rb4 23. Qc2 Qb8 24. a3 Rb2 25. Qc4 Qb3 26. Qxb3 Rxb3 27. Rc1
Rc8 28. Rf3 Rb2 29. Rfc3 Rd2 30. Rxc7 Rxc7 31. Rxc7 Rxd4 32. Rxa7 Rxe4 33. g3
d5 34. Kf2 Kf8 35. a4 h6 36. a5 g5 37. fxg5 hxg5 38. a6 Ra4 39. Kf3 e5 40. Rd7
e4+ 41. Ke3 Ra3+ 42. Kd4 e3 43. Rxd5 e2 44. Re5 Rxa6 45. Rxe2 Rf6 46. Re5 Rg6
47. Ke4 Rh6 48. Rxg5 Rxh3 49. Kf5 Rh1 50. Rg4 Ra1 51. Re4 Rf1+ 52. Kg5 Rf3 53.
g4 Rf1 54. Rf4+ Rxf4 55. Kxf4 Kg8 56. Kg5 Kg7 57. Kf5 Kf7 58. g5 Kg7 59. g6 Kg8
60. Kf6 1/2-1/2

[Event "Damhusmesterskabet Gruppe A 2010"]
[Site "Rodovre"]
[Date "2010.09.14"]
[Round "2"]
[White "Hojgaard, Knud"]
[Black "Akdag, Dara Sevkan"]
[Result "0-1"]
[WhiteElo "1790"]
[BlackElo "2149"]
[PlyCount "116"]
[EventDate "2010.??.??"]

1. d4 Nf6 2. c4 c5 3. Nf3 cxd4 4. Nxd4 e5 5. Nb5 d5 6. cxd5 Bc5 7. e3 O-O 8.
N5c3 Re8 9. Be2 e4 10. Nd2 a6 11. a3 Bf5 12. b4 Bf8 13. Bb2 Nbd7 14. Nc4 Rc8
15. Rc1 Ng4 16. Bxg4 Bxg4 17. Qxg4 Rxc4 18. Ne2 Rxc1+ 19. Nxc1 Nb6 20. O-O Nc4
21. Qe2 Nxb2 22. Qxb2 Qxd5 23. Qc2 Rd8 24. g3 Rd6 25. Nb3 Rc6 26. Qb1 Qd3 27.
Na5 Rc7 28. Qa1 b6 29. Rd1 Qc2 30. Rd5 bxa5 31. Rxa5 Rd7 32. Qe5 Qe2 33. Rd5
Rxd5 34. Qxd5 Qd3 35. Qa5 h5 36. h4 g6 37. Kg2 Qc4 38. Qa4 Kh7 39. Qa5 Bg7 40.
Qb6 Bc3 41. Qa5 Qe2 42. Qd5 Qf3+ 43. Kg1 Qf5 44. Qc4 Be5 45. Qxa6 g5 46. hxg5
Qxg5 47. Qf1 h4 48. Qh3 Kg6 49. Qxh4 Qxh4 50. gxh4 Kh5 51. Kg2 Kxh4 52. f3 f5
53. a4 Bd6 54. b5 Bc7 55. Kf2 Kh3 56. fxe4 fxe4 57. Kf1 Kg3 58. Ke2 Ba5 0-1

[Event "Damhusmesterskabet Gruppe A 2010"]
[Site "Rodovre"]
[Date "2010.09.14"]
[Round "2"]
[White "Ingvardsen, Jan"]
[Black "Kohler, Peter"]
[Result "0-1"]
[WhiteElo "1593"]
[BlackElo "1733"]
[PlyCount "106"]
[EventDate "2010.??.??"]

1. Nf3 d5 2. g3 Nf6 3. Bg2 Bf5 4. O-O e6 5. d4 Be7 6. c4 c6 7. cxd5 exd5 8. Nc3
O-O 9. b3 h6 10. Bb2 Re8 11. e3 Nbd7 12. Rc1 a5 13. Re1 Ne4 14. Nd2 Nxc3 15.
Bxc3 Ba3 16. Ra1 Nf6 17. h3 Qd7 18. g4 Bh7 19. Nf3 Ne4 20. Bd2 Bb2 21. Ne5 Qe7
22. Bxe4 Bxe4 23. Rb1 Bxb1 24. Qxb1 Ba3 25. Qf5 Bb4 26. Bxb4 axb4 27. Re2 Qf6
28. Qd7 Re7 29. Qf5 Qxf5 30. gxf5 Ree8 31. Nd3 Kf8 32. Nxb4 Ke7 33. Nd3 Ra3 34.
Kg2 Rea8 35. Nb4 Kd6 36. Rc2 Rc8 37. Kg3 b6 38. f3 c5 39. e4 dxe4 40. fxe4 Kd7
41. dxc5 bxc5 42. Nd3 Kd6 43. Kf4 f6 44. Nb4 Rca8 45. Rd2+ Ke7 46. Nc6+ Ke8 47.
Rc2 Rxa2 48. Rxc5 Rf2+ 49. Kg3 Raa2 50. e5 Rg2+ 51. Kh4 Raf2 52. Rc4 Rxf5 53.
e6 g6 0-1

[Event "Damhusmesterskabet Gruppe A 2010"]
[Site "Rodovre"]
[Date "2010.09.14"]
[Round "2"]
[White "Sorensen, Leif"]
[Black "Hardarson, Gisli"]
[Result "1-0"]
[WhiteElo "1600"]
[BlackElo "1646"]
[PlyCount "67"]
[EventDate "2010.??.??"]

1. d4 Nf6 2. c4 e5 3. d5 Bc5 4. Nc3 d6 5. e3 Bf5 6. Nge2 O-O 7. Ng3 Bg6 8. Bd3
c6 9. Bxg6 fxg6 10. a3 a5 11. O-O Na6 12. Nge4 Nxe4 13. Nxe4 Qh4 14. Nxc5 Nxc5
15. dxc6 bxc6 16. f4 Rad8 17. b4 axb4 18. axb4 Ne4 19. b5 d5 20. bxc6 dxc4 21.
Qc2 Nd6 22. Ba3 Kh8 23. Bxd6 Rxd6 24. Qxc4 h5 25. Qc5 Qd8 26. c7 Qd7 27. Rad1
Rxd1 28. Qxf8+ Kh7 29. c8=Q Rxf1+ 30. Kxf1 Qd1+ 31. Kf2 Qd2+ 32. Kf3 Qd5+ 33.
Kg3 h4+ 34. Kh3 1-0

[Event "Damhusmesterskabet Gruppe A 2010"]
[Site "Rodovre"]
[Date "2010.09.21"]
[Round "3"]
[White "Hardarson, Gisli"]
[Black "Ingvardsen, Jan"]
[Result "0-1"]
[WhiteElo "1646"]
[BlackElo "1593"]
[PlyCount "90"]
[EventDate "2010.??.??"]

1. e4 e6 2. c4 c5 3. Nc3 Nc6 4. g3 Nf6 5. Bg2 Be7 6. f4 e5 7. Nf3 d6 8. O-O
exf4 9. gxf4 Bg4 10. h3 Bh5 11. d3 O-O 12. Be3 Re8 13. a3 Qd7 14. Qe1 Bxf3 15.
Rxf3 Nh5 16. Nd5 Nd4 17. Bxd4 cxd4 18. Qf2 Bf6 19. Nxf6+ Nxf6 20. Qxd4 Re6 21.
h4 h5 22. Bh3 Ng4 23. Bxg4 hxg4 24. Rg3 Rh6 25. c5 Rxh4 26. cxd6 Rh3 27. Kg2
Rc8 28. Rxh3 Rc2+ 29. Kg3 gxh3 30. f5 g6 31. Kxh3 Rc6 32. Rd1 Rxd6 33. Qe3 gxf5
34. exf5 Qxf5+ 35. Kh4 Qh7+ 36. Kg3 Rg6+ 37. Kf3 Qh5+ 38. Kf2 Qh2+ 39. Kf1 Rf6+
40. Ke1 Re6 41. Qxe6 fxe6 42. b4 Kf7 43. Rd2 Qg1+ 44. Ke2 Qd4 45. Rc2 b5 0-1

[Event "Damhusmesterskabet Gruppe A 2010"]
[Site "Rodovre"]
[Date "2010.09.21"]
[Round "3"]
[White "Kohler, Peter"]
[Black "Hojgaard, Knud"]
[Result "0-1"]
[WhiteElo "1733"]
[BlackElo "1790"]
[PlyCount "78"]
[EventDate "2010.??.??"]

1. e4 e6 2. d4 d5 3. e5 c5 4. Nf3 Nc6 5. c3 Qb6 6. Bd3 cxd4 7. cxd4 Bd7 8. O-O
Nxd4 9. Nxd4 Qxd4 10. Nc3 a6 11. Qf3 Ne7 12. Ne2 Qxe5 13. Bf4 Qf6 14. Qe3 Ng6
15. Bg5 Qe5 16. Qd2 Be7 17. f4 Bxg5 18. fxg5 O-O 19. Rf3 f5 20. Re1 Rfc8 21.
Kh1 Qd6 22. Nd4 Rf8 23. Qd1 e5 24. Nxf5 Bxf5 25. Bxf5 Nf4 26. Bb1 Rad8 27. Rb3
b5 28. g3 Ne6 29. Bxh7+ Kxh7 30. Qh5+ Kg8 31. g6 Rf6 32. Rxe5 Rxg6 33. Rbe3 Rh6
34. Qg4 Re8 35. Rg5 d4 36. Rxg7+ Nxg7 37. Rxe8+ Kh7 38. Qe4+ Qg6 39. Qd5 Qxe8
0-1

[Event "Damhusmesterskabet Gruppe A 2010"]
[Site "Rodovre"]
[Date "2010.09.21"]
[Round "3"]
[White "Petersen, Steffen"]
[Black "Sorensen, Leif"]
[Result "0-1"]
[WhiteElo "1625"]
[BlackElo "1600"]
[PlyCount "93"]
[EventDate "2010.??.??"]

1. e4 c5 2. Nf3 Nc6 3. Be2 d6 4. O-O Bg4 5. c3 Bxf3 6. Bxf3 g6 7. d4 Bg7 8. Be3
Qb6 9. dxc5 Qxb2 10. Qb3 Qxb3 11. axb3 dxc5 12. Bxc5 Nf6 13. Rc1 O-O 14. Nd2
Nd7 15. Be3 b5 16. Ra6 Ndb8 17. Ra2 a5 18. c4 Nb4 19. Rac2 Nxc2 20. Rxc2 bxc4
21. Rxc4 Na6 22. Bb6 Rac8 23. Bxa5 Rxc4 24. bxc4 e6 25. Kf1 Bd4 26. Nb3 Ba7 27.
Be2 Rb8 28. Bd1 Nc5 29. Nd2 e5 30. f4 Bb6 31. Bxb6 Rxb6 32. fxe5 Re6 33. Ke2
Rxe5 34. Ke3 Ne6 35. Bf3 f6 36. Nb3 Kf7 37. Nd4 Ng5 38. Nc6 Nxf3 39. Kxf3 Rc5
40. Nb4 Rxc4 41. Nd5 Ra4 42. g4 Ra3+ 43. Ne3 Ke6 44. Kf2 Ra2+ 45. Kf3 Rxh2 46.
Nd5 Rh3+ 47. Kg2 0-1

[Event "Damhusmesterskabet Gruppe A 2010"]
[Site "Rodovre"]
[Date "2010.10.19"]
[Round "3"]
[White "Akdag, Dara Sevkan"]
[Black "Helleshoj, Knud Erik"]
[Result "1-0"]
[WhiteElo "2149"]
[BlackElo "1612"]
[PlyCount "71"]
[EventDate "2010.??.??"]

1. d4 d5 2. c4 c6 3. Nc3 e6 4. e4 dxe4 5. Nxe4 Nf6 6. Nxf6+ Qxf6 7. a3 c5 8.
Nf3 cxd4 9. Bg5 Qf5 10. Bd3 Qa5+ 11. b4 Qc7 12. O-O Be7 13. Qd2 O-O 14. Bxe7
Qxe7 15. Nxd4 Nc6 16. Nxc6 bxc6 17. c5 Rd8 18. Qc2 h6 19. Be4 Bb7 20. Rfd1 a6
21. g3 Qe8 22. Rxd8 Rxd8 23. Rd1 Kf8 24. Bf3 g6 25. Qc1 Kg7 26. Rd2 Rd7 27. Qd1
Bc8 28. a4 Qd8 29. Rd6 Rxd6 30. cxd6 Bd7 31. Qc2 Qc8 32. Qc3+ Kg8 33. Qc5 Qb8
34. Bxc6 Bxc6 35. Qxc6 Qxb4 36. d7 1-0

[Event "Damhusmesterskabet Gruppe A 2010"]
[Site "Rodovre"]
[Date "2010.09.27"]
[Round "4"]
[White "Ingvardsen, Jan"]
[Black "Petersen, Steffen"]
[Result "0-1"]
[WhiteElo "1593"]
[BlackElo "1625"]
[PlyCount "44"]
[EventDate "2010.??.??"]

1. Nf3 Nc6 2. d4 d5 3. g3 g6 4. Bg2 Bg7 5. O-O Nf6 6. c4 O-O 7. cxd5 Nxd5 8. e4
Nb6 9. d5 Ne5 10. Nc3 Bg4 11. h3 Nxf3+ 12. Bxf3 Bxh3 13. Re1 Bd7 14. Bf4 c6 15.
d6 e5 16. Be3 f5 17. Qb3+ Kh8 18. exf5 gxf5 19. Bc5 f4 20. Ne4 fxg3 21. fxg3
Nd5 22. Be3 Rxf3 0-1

[Event "Damhusmesterskabet Gruppe A 2010"]
[Site "Rodovre"]
[Date "2010.09.28"]
[Round "4"]
[White "Kohler, Peter"]
[Black "Hardarson, Gisli"]
[Result "0-1"]
[WhiteElo "1733"]
[BlackElo "1646"]
[PlyCount "42"]
[EventDate "2010.??.??"]

1. e4 c5 2. d4 cxd4 3. c3 Nf6 4. e5 Nd5 5. Bc4 Nb6 6. Bb3 dxc3 7. Nxc3 Nc6 8.
Nf3 g6 9. O-O Bg7 10. Bf4 O-O 11. Qe2 Na5 12. Bc2 d5 13. exd6 exd6 14. Rad1 d5
15. Nxd5 Nxd5 16. Qb5 Be6 17. Bg5 Bf6 18. Bxf6 Qxf6 19. Qxa5 Nf4 20. Qb4 Bd5
21. Qd4 Ne2+ 0-1

[Event "Damhusmesterskabet Gruppe A 2010"]
[Site "Rodovre"]
[Date "2010.09.28"]
[Round "4"]
[White "Sorensen, Leif"]
[Black "Akdag, Dara Sevkan"]
[Result "0-1"]
[WhiteElo "1600"]
[BlackElo "2149"]
[PlyCount "68"]
[EventDate "2010.??.??"]

1. d4 Nf6 2. c4 c5 3. d5 e6 4. Nc3 exd5 5. cxd5 g6 6. e4 d6 7. Bd3 Bg7 8. Nge2
O-O 9. O-O Re8 10. Bf4 a6 11. a4 Nh5 12. Be3 Nd7 13. f4 f5 14. Qd2 Ndf6 15.
exf5 Bxf5 16. Bxf5 gxf5 17. Rf3 Ng4 18. Rh3 Nhf6 19. Bf2 Qa5 20. Be1 b5 21. Ng3
b4 22. Nce2 Ne3 23. Nh5 Nxh5 24. Rxe3 c4 25. Qxb4 Qxb4 26. Rxe8+ Rxe8 27. Bxb4
Rxe2 28. Bxd6 Bxb2 29. Kf1 Re4 30. Re1 Nf6 31. Be7 Nxd5 32. Rxe4 fxe4 33. Bd6
c3 34. Be5 Ba3 0-1

[Event "Damhusmesterskabet Gruppe A 2010"]
[Site "Rodovre"]
[Date "2010.10.14"]
[Round "4"]
[White "Hojgaard, Knud"]
[Black "Helleshoj, Knud Erik"]
[Result "1-0"]
[WhiteElo "1790"]
[BlackElo "1612"]
[PlyCount "67"]
[EventDate "2010.??.??"]

1. d4 d5 2. c4 c6 3. cxd5 cxd5 4. Nf3 g6 5. Nc3 Nf6 6. Bf4 Bg7 7. h3 O-O 8. e3
a6 9. Be2 b5 10. Rc1 Bb7 11. O-O Nbd7 12. Qb3 Rc8 13. a4 Rb8 14. Bxb8 Qxb8 15.
axb5 axb5 16. Qxb5 e6 17. Ra1 Qc8 18. Ra7 Bc6 19. Qa6 Qb8 20. Ra1 Rc8 21. Bb5
Bxb5 22. Qxb5 Qd6 23. Ra8 Rxa8 24. Rxa8+ Nf8 25. Qb8 Qe7 26. Ne5 N6d7 27. Nxd7
Qxd7 28. Ra7 Qc6 29. Qc7 Qxc7 30. Rxc7 h5 31. b4 e5 32. dxe5 Bxe5 33. Rc8 Kg7
34. Nxd5 1-0

[Event "Damhusmesterskabet Gruppe A 2010"]
[Site "Rodovre"]
[Date "2010.10.05"]
[Round "5"]
[White "Helleshoj, Knud Erik"]
[Black "Sorensen, Leif"]
[Result "0-1"]
[WhiteElo "1612"]
[BlackElo "1600"]
[PlyCount "74"]
[EventDate "2010.??.??"]

1. e4 c5 2. Nf3 Nc6 3. d4 cxd4 4. Nxd4 d6 5. Nc3 Bd7 6. Be3 Nf6 7. f3 g6 8. Qd2
Bg7 9. O-O-O O-O 10. g4 a6 11. h4 b5 12. a3 b4 13. axb4 Nxb4 14. Nb3 a5 15. e5
Ne8 16. f4 a4 17. Na1 Bxg4 18. Be2 Be6 19. Bb5 a3 20. b3 Qc7 21. Ba4 dxe5 22.
fxe5 Bxe5 23. Bd4 Rc8 24. Nb5 Bf4 25. Nxc7 Bxd2+ 26. Rxd2 Nxc7 27. Bc5 Ncd5 28.
Bxb4 Nxb4 29. h5 Bf5 30. hxg6 Bxg6 31. Rh4 Na2+ 32. Kd1 Nc3+ 33. Ke1 f5 34. Bd7
Rcd8 35. Be6+ Kg7 36. Rxd8 Rxd8 37. Rc4 Rd1+ 0-1

[Event "Damhusmesterskabet Gruppe A 2010"]
[Site "Rodovre"]
[Date "2010.10.05"]
[Round "5"]
[White "Petersen, Steffen"]
[Black "Kohler, Peter"]
[Result "1-0"]
[WhiteElo "1625"]
[BlackElo "1733"]
[PlyCount "85"]
[EventDate "2010.??.??"]

1. c4 e5 2. d3 Nf6 3. g3 Bc5 4. Bg2 d6 5. Nf3 Nc6 6. Nc3 h6 7. Bd2 Be6 8. Na4
Bb6 9. Nxb6 axb6 10. O-O Qd7 11. Re1 O-O 12. Qc1 Nh7 13. Bc3 Bh3 14. Bh1 Rae8
15. e4 f5 16. exf5 Qxf5 17. Qe3 Bg4 18. Nh4 Qh5 19. Bd5+ Be6 20. Be4 Ne7 21. d4
Nf6 22. Bf3 Bg4 23. dxe5 dxe5 24. Bxb7 g5 25. Ng2 Nf5 26. Qd3 Nd6 27. Bd5+ Be6
28. Bxe6+ Rxe6 29. h4 gxh4 30. Nxh4 e4 31. Qd4 c5 32. Qd1 Ng4 33. f3 Rxf3 34.
Nxf3 exf3 35. Qxf3 Nf5 36. Qa8+ Kf7 37. Qb7+ Ne7 38. Qf3+ Nf5 39. Rxe6 Qh2+ 40.
Kf1 Qh3+ 41. Ke2 Nh2 42. Qxf5+ Qxf5 43. Rf6+ 1-0

[Event "Damhusmesterskabet Gruppe A 2010"]
[Site "Rodovre"]
[Date "2010.10.05"]
[Round "5"]
[White "Hardarson, Gisli"]
[Black "Hojgaard, Knud"]
[Result "0-1"]
[WhiteElo "1646"]
[BlackElo "1790"]
[PlyCount "118"]
[EventDate "2010.??.??"]

1. e4 e6 2. d4 d5 3. e5 c5 4. c3 Qb6 5. Nf3 Nc6 6. Bd3 cxd4 7. cxd4 Bd7 8. Nc3
Nxd4 9. Nxd4 Qxd4 10. O-O a6 11. Qe2 Ne7 12. Kh1 Nc6 13. f4 Bc5 14. a3 Ba7 15.
Bd2 g6 16. Rf3 Qb6 17. Be3 Qd8 18. Bf2 Nd4 19. Bxd4 Bxd4 20. g4 Qc7 21. Na2 Qb6
22. Nc3 Rc8 23. Rb1 Qc7 24. Rc1 Qb8 25. Rff1 Ke7 26. Qe1 Bxc3 27. Qh4+ Ke8 28.
Qf6 Rg8 29. bxc3 Rc7 30. f5 Qd8 31. fxe6 Bxe6 32. Qf4 Qe7 33. Qa4+ Qd7 34. Qa5
Qc6 35. Be2 b5 36. Qb4 Qc5 37. Qf4 g5 38. Qf6 Qe7 39. Qf2 Qd7 40. a4 bxa4 41.
Bxa6 Qc6 42. Be2 Qc5 43. Qg3 a3 44. Rb1 a2 45. Rb8+ Rc8 46. Bb5+ Kd8 47. Rxc8+
Kxc8 48. Ba6+ Kd7 49. c4 dxc4 50. h3 Qc6+ 51. Kh2 Qxa6 52. Rd1+ Ke7 53. Qf2 Rg6
54. Qc5+ Ke8 55. Qd4 Kf8 56. Qc5+ Kg7 57. Rd8 Kh6 58. h4 gxh4 59. g5+ Kh5 0-1

[Event "Damhusmesterskabet Gruppe A 2010"]
[Site "Rodovre"]
[Date "2010.10.05"]
[Round "5"]
[White "Akdag, Dara Sevkan"]
[Black "Ingvardsen, Jan"]
[Result "1-0"]
[WhiteElo "2149"]
[BlackElo "1593"]
[PlyCount "57"]
[EventDate "2010.??.??"]

1. Nf3 d5 2. c4 Nf6 3. d4 Bf5 4. Nc3 e6 5. Bg5 Be7 6. e3 O-O 7. Bxf6 Bxf6 8.
cxd5 exd5 9. Qb3 Be4 10. Qxb7 Nd7 11. Nxe4 dxe4 12. Qxe4 c5 13. Bd3 g6 14. O-O
cxd4 15. exd4 Rb8 16. b3 Nb6 17. Bc4 Re8 18. Qd3 Nxc4 19. bxc4 Rb2 20. d5 Ree2
21. c5 Qa5 22. Rac1 Qxa2 23. c6 Rxf2 24. Rxf2 Rxf2 25. c7 Rxg2+ 26. Kh1 Qf2 27.
c8=Q+ Kg7 28. Qh3 Qb2 29. Rb1 1-0

[Event "Damhusmesterskabet Gruppe A 2010"]
[Site "Rodovre"]
[Date "2010.10.12"]
[Round "6"]
[White "Kohler, Peter"]
[Black "Akdag, Dara Sevkan"]
[Result "0-1"]
[WhiteElo "1733"]
[BlackElo "2149"]
[PlyCount "68"]
[EventDate "2010.??.??"]

1. e4 c5 2. c3 Nf6 3. e5 Nd5 4. d4 cxd4 5. Bc4 Nb6 6. Bd3 dxc3 7. Nxc3 Nc6 8.
Nf3 g6 9. O-O Bg7 10. Bf4 O-O 11. Rc1 Re8 12. Qd2 a6 13. Ne4 Nd5 14. Bg3 Nc7
15. h4 Ne6 16. h5 Qa5 17. hxg6 hxg6 18. Qe3 Nxe5 19. Nxe5 Bxe5 20. b4 Qd5 21.
Bc4 Qd4 22. Bxe5 Qxe5 23. Rcd1 Qb2 24. f4 Qxb4 25. f5 Qxc4 26. fxg6 fxg6 27.
Rf2 d5 28. Ng3 Bd7 29. Qh6 Qg4 30. Ne2 Rf8 31. Rd3 Qg5 32. Qh2 Rxf2 33. Kxf2
Nc5 34. Rg3 Ne4+ 0-1

[Event "Damhusmesterskabet Gruppe A 2010"]
[Site "Rodovre"]
[Date "2010.10.12"]
[Round "6"]
[White "Ingvardsen, Jan"]
[Black "Helleshoj, Knud Erik"]
[Result "0-1"]
[WhiteElo "1593"]
[BlackElo "1612"]
[PlyCount "104"]
[EventDate "2010.??.??"]

1. Nf3 Nc6 2. d4 d5 3. g3 e6 4. Bg2 b6 5. c4 Bb7 6. O-O Nge7 7. Nc3 g6 8. Bg5
Bg7 9. cxd5 exd5 10. e3 h6 11. Bxe7 Nxe7 12. Rc1 O-O 13. Re1 Bc8 14. Ne2 Be6
15. Nf4 Bd7 16. Qc2 Rc8 17. Qd2 g5 18. Nd3 Bf5 19. Nb4 a5 20. Nd3 Be4 21. Qe2
Re8 22. Bh3 f5 23. Nfe5 Qd6 24. f4 g4 25. Bf1 h5 26. Nf2 Bf6 27. Nxe4 fxe4 28.
h3 Bxe5 29. dxe5 Qg6 30. hxg4 hxg4 31. Qh2 Kg7 32. Be2 Rh8 33. Qg2 Nf5 34. Kf2
Rh3 35. Rh1 Rxg3 36. Qh2 Rh3 37. Qg1 Rch8 38. Rxh3 Rxh3 39. Bxg4 Rxe3 40. Bxf5
Rf3+ 41. Ke2 Qxg1 42. Rxg1+ Kf7 43. Rg4 Rh3 44. Rg2 Rh4 45. Bg4 c5 46. f5 d4
47. Kd2 c4 48. f6 Rh1 49. Rf2 e3+ 50. Ke2 exf2 51. Kxf2 Rh2+ 52. Kf3 Rxb2 0-1

[Event "Damhusmesterskabet Gruppe A 2010"]
[Site "Rodovre"]
[Date "2010.10.12"]
[Round "6"]
[White "Hardarson, Gisli"]
[Black "Petersen, Steffen"]
[Result "1/2-1/2"]
[WhiteElo "1646"]
[BlackElo "1625"]
[PlyCount "51"]
[EventDate "2010.??.??"]

1. e4 e5 2. d4 exd4 3. c3 Nc6 4. cxd4 Bb4+ 5. Nc3 Qe7 6. f3 Nf6 7. a3 Ba5 8.
Bc4 O-O 9. Nge2 d6 10. O-O Bb6 11. Kh1 h6 12. Qd3 Be6 13. Nd5 Bxd5 14. exd5 Nd8
15. Ng3 Re8 16. Bd2 c6 17. Rfe1 Qf8 18. Rxe8 Nxe8 19. Nf5 cxd5 20. Bxd5 Nf6 21.
Bb3 Ne6 22. Re1 Re8 23. Bb4 Nf4 24. Rxe8 Nxe8 25. Qe4 Nh5 26. h4 1/2-1/2

[Event "Damhusmesterskabet Gruppe A 2010"]
[Site "Rodovre"]
[Date "2010.10.12"]
[Round "6"]
[White "Hojgaard, Knud"]
[Black "Sorensen, Leif"]
[Result "1-0"]
[WhiteElo "1790"]
[BlackElo "1600"]
[PlyCount "97"]
[EventDate "2010.??.??"]

1. d4 d5 2. c4 Nf6 3. cxd5 Nxd5 4. Nf3 e6 5. e4 Bb4+ 6. Nbd2 Ne7 7. a3 Ba5 8.
b4 Bb6 9. Bb2 O-O 10. Nc4 f5 11. Nxb6 cxb6 12. Bd3 Bd7 13. O-O b5 14. Qb3 Kh8
15. Ne5 a6 16. Rad1 Rf6 17. exf5 Nbc6 18. Ng4 Nxf5 19. Nxf6 Nfxd4 20. Bxd4 Nxd4
21. Qb1 gxf6 22. Rde1 Qe7 23. Be4 Rg8 24. Kh1 f5 25. Qd1 e5 26. Bd5 Qg7 27.
Bxg8 Bc6 28. Rg1 Kxg8 29. Qd3 f4 30. f3 h5 31. Re4 h4 32. h3 Bd7 33. Qf1 Nf5
34. Qe1 Ng3+ 35. Kh2 Nxe4 36. Qxe4 Kf8 37. Qe1 Qf6 38. Qf2 b6 39. Rd1 Bf5 40.
Qe1 e4 41. fxe4 Bg6 42. e5 Qg5 43. Rd4 Bh5 44. Qf2 f3 45. gxf3 Qxe5+ 46. f4 Qf6
47. Rd2 Bf7 48. Qd4 Qg6 49. Qd8+ 1-0

[Event "Damhusmesterskabet Gruppe A 2010"]
[Site "Rodovre"]
[Date "2010.10.26"]
[Round "7"]
[White "Akdag, Dara Sevkan"]
[Black "Hardarson, Gisli"]
[Result "1-0"]
[WhiteElo "2149"]
[BlackElo "1646"]
[PlyCount "41"]
[EventDate "2010.??.??"]

1. Nf3 c5 2. e4 Nc6 3. d4 cxd4 4. Nxd4 g6 5. Nc3 Bg7 6. Be3 a6 7. Bc4 e6 8. Qd2
Nge7 9. O-O-O O-O 10. h4 b5 11. Bb3 Nxd4 12. Bxd4 Bb7 13. Bxg7 Kxg7 14. h5 Ng8
15. hxg6 hxg6 16. Rh3 b4 17. Rdh1 g5 18. Rh7+ Kg6 19. Ne2 Bxe4 20. Qd4 Bxg2 21.
Rg7+ 1-0

[Event "Damhusmesterskabet Gruppe A 2010"]
[Site "Rodovre"]
[Date "2010.10.26"]
[Round "7"]
[White "Helleshoj, Knud Erik"]
[Black "Kohler, Peter"]
[Result "0-1"]
[WhiteElo "1612"]
[BlackElo "1733"]
[PlyCount "94"]
[EventDate "2010.??.??"]

1. e4 c5 2. Nf3 Nc6 3. d4 cxd4 4. c3 Nf6 5. e5 Nd5 6. cxd4 e6 7. Nc3 Nxc3 8.
bxc3 d6 9. Bb5 Qa5 10. Bxc6+ bxc6 11. Bd2 Ba6 12. Qb3 Qb5 13. Qxb5 Bxb5 14. a4
Bd3 15. Bf4 d5 16. Kd2 Ba6 17. Rhc1 Be7 18. Ke3 Rb8 19. Bg5 Rb2 20. Bxe7 Re2+
21. Kf4 Kxe7 22. Kg3 Rb8 23. Ng1 Reb2 24. Kf3 Bc4 25. a5 R8b5 26. g3 Ba2 27.
Ne2 Rd2 28. Rd1 Rxd1 29. Rxd1 Rxa5 30. Ra1 Ra6 31. Nc1 Bc4 32. Rxa6 Bxa6 33.
Ke3 Bc4 34. Nd3 Bxd3 35. Kxd3 Kd7 36. c4 dxc4+ 37. Kxc4 Kc7 38. Kc5 g5 39. f4
gxf4 40. gxf4 h5 41. h4 a5 42. Kc4 Kb6 43. Kb3 Kb5 44. Ka3 a4 45. Kb2 Kc4 46.
Ka3 Kxd4 47. Kxa4 Kc4 0-1